Územný marketing ako nástroj podpory rozvoja územia
Čo je marketing? Spotrebitelia a ich potreby. Postupy a metódy územného marketingu. Teoretický a koncepčný rámec územného marketingu.
Guardado en:
| Autor principal: | |
|---|---|
| Formato: | Capítulo de libro |
| Lenguaje: | eslovaco |
| Materias: | |
| Etiquetas: |
Sin Etiquetas, Sea el primero en etiquetar este registro!
|
MARC
| LEADER | 00000naa$a2200000$$$4500 | ||
|---|---|---|---|
| 001 | 0088373 | ||
| 005 | 20220715094008.3 | ||
| 041 | 0 | |a slo | |
| 044 | |a SK | ||
| 245 | 1 | 0 | |a Územný marketing ako nástroj podpory rozvoja územia |c Mária Zúbková |
| 520 | |a Čo je marketing? Spotrebitelia a ich potreby. Postupy a metódy územného marketingu. Teoretický a koncepčný rámec územného marketingu. | ||
| 610 | 2 | 0 | |a marketing územia |
| 610 | 2 | 0 | |a rozvoj územný |
| 610 | 2 | 0 | |a regióny |
| 610 | 2 | 0 | |a spotrebitelia |
| 610 | 2 | 0 | |a sektor súkromný |
| 610 | 2 | 0 | |a sektor verejný |
| 100 | 1 | |a Zúbková, Mária | |